Sports Quiz

Random Sports or NHL Quiz

NHL - Art Ross Trophy Winners (Slideshow) Quiz Stats

Quiz not verified by Sporcle

Challenge
Share
Tweet
Score 0/26 Timer 06:00
0 Plays Today
% Correct
Wayne Gretzky
99.5%
Alexander Ovechkin
99%
Henrik Sedin
98.4%
Martin St. Louis
96.8%
Daniel Sedin
95.6%
Sidney Crosby
95.6%
Bobby Orr
95.1%
Evgeni Malkin
95.1%
Jaromir Jagr
94.8%
Mario Lemieux
94.6%
Gordie Howe
94.5%
Joe Thornton
94%
Jarome Iginla
93.5%
% Correct
Peter Forsberg
93%
Phil Esposito
88.4%
Bobby Hull
85.5%
Marcel Dionne
82.7%
Stan Mikita
80.9%
Bryan Trottier
80.6%
Guy Lafleur
79.3%
Jean Beliveau
70.3%
Ted Lindsay
62%
Bernie Geoffrion
53.5%
Dickie Moore
37.7%
Elmer Lach
33.9%
Roy Conacher
13.9%

You're not logged in!

Compare scores with friends on all Sporcle quizzes.
Sign Up with Email
OR
Log In

You Might Also Like...

Show Comments

Extras

Top Quizzes Today


Score Distribution

Your Account Isn't Verified!

In order to create a playlist on Sporcle, you need to verify the email address you used during registration. Go to your Sporcle Settings to finish the process.